书目信息 |
| 题名: |
遥感技术与应用实验教程
|
|
| 作者: | 孔祥生 编著 | |
| 分册: | ||
| 出版信息: | 北京 科学出版社 2017.11 |
|
| 页数: | 195页 | |
| 开本: | 26cm | |
| 丛书名: | ||
| 单 册: | ||
| 中图分类: | TP79-33 | |
| 科图分类: | ||
| 主题词: | 遥感技术--yao gan ji shu--应用--实验 | |
| 电子资源: | ||
| ISBN: | 978-7-03-055600-4 | |
| 000 | 00927nam0 2200241 450 | |
| 001 | 0106081844 | |
| 005 | 20201106082046.0 | |
| 010 | @a978-7-03-055600-4@dCNY39.00 | |
| 100 | @a20181129e20202017em y0chiy50 ea | |
| 101 | 0 | @achi |
| 102 | @aCN@b110000 | |
| 105 | @aa z 000yy | |
| 106 | @ar | |
| 200 | 1 | @a遥感技术与应用实验教程@Ayao gan ji shu yu ying yong shi yan jiao cheng@f孔祥生[等]编著 |
| 210 | @a北京@c科学出版社@d2017.11@h2020.07 | |
| 215 | @a195页@c图@d26cm | |
| 304 | @a编著者还有:钱永刚、李国庆、张安定 | |
| 330 | @a本书主要包括遥感数据预处理、图像增强、图像分类、矢量功能、空间分析、光谱分析、专题地图制作等图像处理实验和行星反射率、地表反射率、地表发射率、地表温度等定量遥感信息提取专题实验和遥感综合实习等内容。 | |
| 606 | 0 | @a遥感技术@Ayao gan ji shu@x应用@x实验 |
| 690 | @aTP79-33@v5 | |
| 701 | 0 | @a孔祥生@Akong xiang sheng@4编著 |
| 801 | 0 | @aCN@bBJSZM@c20201106 |
| 905 | @b1193164-7@dTP79-33@e63@f4 | |
| 遥感技术与应用实验教程/孔祥生[等]编著.-北京:科学出版社,2017.11(2020.07) |
| 195页:图;26cm |
| ISBN 978-7-03-055600-4:CNY39.00 |
| 本书主要包括遥感数据预处理、图像增强、图像分类、矢量功能、空间分析、光谱分析、专题地图制作等图像处理实验和行星反射率、地表反射率、地表发射率、地表温度等定量遥感信息提取专题实验和遥感综合实习等内容。 |
| ● |
| 相关链接 |
|
|
|
|
正题名:遥感技术与应用实验教程
索取号:TP79-33/63
 
预约/预借
| 序号 | 登录号 | 条形码 | 馆藏地/架位号 | 状态 | 备注 |
| 1 | 1193164 | 211931640 | 第二样本阅览室/ [索取号:TP79-33/63] | 在馆 | |
| 2 | 1193165 | 211931659 | 第三借阅区/ [索取号:TP79-33/63] | 在馆 | |
| 3 | 1193166 | 211931668 | 第三借阅区/ [索取号:TP79-33/63] | 在馆 | |
| 4 | 1193167 | 211931677 | 第三借阅区/ [索取号:TP79-33/63] | 在馆 |